University challenged (Record no. 302840)

MARC details
000 -LEADER
fixed length control field 00252nam a2200097Ia 4500
082 ## - DEWEY DECIMAL CLASSIFICATION NUMBER
Classification number NSO F MOTE
008 - FIXED-LENGTH DATA ELEMENTS--GENERAL INFORMATION
fixed length control field 210817s9999 xx 000 0 und d
100 ## - MAIN ENTRY--PERSONAL NAME
Personal name Candappa, Rohan London, 2003
9 (RLIN) 83243
245 #0 - TITLE STATEMENT
Title University challenged
942 ## - ADDED ENTRY ELEMENTS
item type Books
Holdings
Withdrawn status Lost status Damaged status Not for loan Home library Current library Date acquired Cost, normal purchase price Total Checkouts Barcode Date last seen Price effective from item type
        Matsulu Matsulu 19.08.2021 68.00   33228023702903 19.08.2021 19.08.2021 Books